00307nam a22001217a 4500020001800000040000900018082001800027100001900045245003700064250001800101260002900119650003700148 a9780470458365 cNust a510.2462bKRE aErwin Kreyszig aAdvanced Engineering Mathematics a10th edition  aNew York:bWiley,c2015. aAdvanced Engineering Mathematics